Estadísticas para ¿Qué sabes sobre Rosalía?

Haz click aquí para intentar la prueba.

Estadísticas generales

  • Esta prueba ha sido intentada 109 veces
  • La puntuación promedio es 14 de 19

Estadísticas de respuestas

PreguntaRespuesta% Correcto
¿Cuántos premios Grammy ha conseguido?1
99%
¿Qué idioma habla Rosalía? IIEspañol
95%
¿Qué idioma habla Rosalía? IIIInglés
95%
¿Qué idioma habla Rosalía? ICatalán
93%
¿En qué año nació Rosalía?1992
90%
¿Cómo se llama su tercer álbum?Motomami
90%
¿En qué provincia española nació Rosalía?Barcelona
88%
¿Quién es su actual pareja?Rauw Alejandro
84%
¿Qué canción de 2019 canta con J. Balvin?Con altura
80%
¿Quién es su ex-novio con el que hizo una colaboración en 2016?C. Tangana
79%
¿Cómo se llama la canción que canta junto a Bad Bunny?La noche de anoche
74%
¿Qué álbum fue su proyecto de fin de carrera?El mal querer
73%
¿Con qué artista hizo un remix de la canción "Blinding Lights"?The Weeknd
70%
¿Con quién canta "La Combi Versace"?Tokischa
68%
¿Cuál es el primer álbum de Rosalía?Los ángeles
60%
¿En qué programa participó con 15 años pero no fue seleccionada?Tú sí que vales
48%
¿De qué ha sido acusada Rosalía por el pueblo gitano?Apropiación cultural
44%
¿Quién fue una de sus grandes influencias musicales cuando era pequeña?Camarón
39%
¿En qué película de Pedro Almodovar hace un "cameo"?Dolor y gloría
35%

Distribución de puntuación

Porcentaje por número respondido

Porcentaje de gente con cada puntuación

Historial de tus puntuaciones

No has intentado esta prueba.